Your child wonderfully made. (Record no. 14719)

000 -LEADER
fixed length control field 00567nam a2200193 a 4500
001 - CONTROL NUMBER
control field :::00012553$&:&@@
003 - CONTROL NUMBER IDENTIFIER
control field OkBaRHE
005 - DATE AND TIME OF LATEST TRANSACTION
control field 20000607103420.0
008 - FIXED-LENGTH DATA ELEMENTS--GENERAL INFORMATION
fixed length control field s1998 j 000 0 eng u
040 ## - CATALOGING SOURCE
Transcribing agency
100 1# - MAIN ENTRY--PERSONAL NAME
Personal name Burkett, Larry.
245 10 - TITLE STATEMENT
Title Your child wonderfully made.
260 ## - PUBLICATION, DISTRIBUTION, ETC. (IMPRINT)
Place of publication, distribution, etc Chicago, IL., :
Name of publisher, distributor, etc Moody Press
Date of publication, distribution, etc c1998
300 ## - PHYSICAL DESCRIPTION
Extent 175 p. ;
Dimensions 23 cm.
650 ## - SUBJECT ADDED ENTRY--TOPICAL TERM
Topical term or geographic name as entry element Child Rearing
700 ## - ADDED ENTRY--PERSONAL NAME
Personal name Osborne, Rick, Joint author
942 ## - ADDED ENTRY ELEMENTS (KOHA)
Source of classification or shelving scheme
Koha item type Books
Copies
Withdrawn status Koha item type Price effective from Date last seen Barcode Source of classification or shelving scheme Date acquired Lost status Not for loan Copy number Shelving location Damaged status Permanent Location Full call number
 Books2010-04-142010-04-1412553 2010-04-14  1General Stacks RHEMA Bible Training CollegeHQ 769 .B8